|
|
|
|
| LEADER |
00000nas a2200000 a 4500 |
| 001 |
ssj0011250 |
| 003 |
WaSeSS |
| 005 |
20200512172242.0 |
| 006 |
m d |
| 007 |
cr n |
| 008 |
870603c19879999txudr nes 0 a0eng c |
| 010 |
|
|
|a sn 87002897
|
| 022 |
|
|
|l 0894-5365
|y 0894-5365
|
| 032 |
|
|
|a 468830
|b USPS
|
| 035 |
|
|
|a (WaSeSS)ssj0011250
|
| 037 |
|
|
|b Corpus Christi Caller-Times, P.O. Box 9136, Corpus Christi, TX 78469
|
| 040 |
|
|
|a TAI
|b eng
|c TAI
|d NSD
|d DLC
|d OCLCQ
|d OCLCF
|d OCLCO
|d WaSeSS
|
| 042 |
|
|
|a nsdp
|a pcc
|
| 043 |
|
|
|a n-us-tx
|
| 222 |
|
0 |
|a Corpus Christi caller-times
|
| 245 |
0 |
0 |
|a Corpus Christi caller-times
|h [electronic resource].
|
| 246 |
0 |
0 |
|a Corpus Christi caller times
|
| 260 |
|
|
|a Corpus Christi, Tex. :
|b Caller-Times Pub. Co.,
|c 1987-
|
| 310 |
|
|
|a Daily
|
| 362 |
0 |
|
|a Vol. 105, no. 152 (June 1, 1987)-
|
| 506 |
|
|
|a License restrictions may limit access.
|
| 651 |
|
0 |
|a Corpus Christi (Tex.)
|v Newspapers.
|
| 651 |
|
7 |
|a Texas
|z Corpus Christi.
|2 fast
|0 (OCoLC)fst01204275
|
| 655 |
|
0 |
|a Electronic journals.
|
| 752 |
|
|
|a United States
|b Texas
|c Nueces
|d Corpus Christi.
|
| 780 |
0 |
4 |
|t Corpus Christi caller (Corpus Christi, Tex. 1918)
|x 0889-812X
|w (OCoLC)13188235
|
| 780 |
0 |
4 |
|t Corpus Christi times (Corpus Christi, Tex. : 1911)
|x 0747-4474
|w (OCoLC)10863206
|
| 856 |
4 |
0 |
|z Full text available from Research Library: 12/22/1991 to 04/12/1996
|u https://search.proquest.com/publication/47015
|